000
00318pam a2200121a 44500
008
230405s1967 xxu||||| |||| 00| 0 eng d
041
_a
ENG
100
_a
Lawrence George H M
245
_a
Taxonomy of vascular plants
260
_a
New delhi
_b
oxford & IBH publishing co pvt ltd
_c
1967
300
_a
823
906
_a
842
999
_c
292185
_d
292185